Normal view
MARC view
- DE-COMP-36 DECLASS
Entry Topical Term
001 - CONTROL NUMBER
- control field: 71175
003 - CONTROL NUMBER IDENTIFIER
- control field: NUST
005 - DATE AND TIME OF LATEST TRANSACTION
- control field: 20210628204613.0
008 - FIXED-LENGTH DATA ELEMENTS
- fixed length control field: 210628|| aca||aabn | a|a d
040 ## - CATALOGING SOURCE
- Original cataloging agency: NUST
- Transcribing agency: NUST
150 ## - HEADING--TOPICAL TERM
- Topical term or geographic name entry element: DE-COMP-36 DECLASS
670 ## - SOURCE DATA FOUND
- Source citation: Work cat.: (NUST): NS Saad Bin Waheed NS Muhammad Musab Akram 71174, PR-SOF-1734-Elderly Buddy, 2018
